000 00661nam a2200241Ia 4500
003 OSt
005 20221005095543.0
006 a|||||r|||| 00| 0
007 ta
008 221004b |||||||| |||| 00| 0 eng d
024 _a122242
037 _bGift, 27/10/2012,
_cTextual
040 _aCRL
_cCRL
_beng
041 _2eng
_aeng
082 _aV1:19(zM), N9
100 _aSingh Amarinder
_9463590
245 0 _aLest we forget
260 _aPatiala
_bMotibah Palace India
_c1999
300 _axvii,450p.
_ccm.
650 _aHISTORY
942 _hV1:19(zM), N9
_cTEXL
_2cc
999 _c1003726
_d1003726